Методы определения уровней безопасности элементов онтологии; Известия Томского политехнического университета [Известия ТПУ]; Т. 322, № 5 : Управление, вычислительная техника и информатика

Бібліографічні деталі
Parent link:Известия Томского политехнического университета [Известия ТПУ]/ Томский политехнический университет (ТПУ).— , 2000-
Т. 322, № 5 : Управление, вычислительная техника и информатика.— 2013.— [С. 148-152]
Автор: Хоанг Ван Кует
Інші автори: Тузовский А. Ф. Анатолий Федорович
Резюме:Заглавие с титульного листа
Электронная версия печатной публикации
Рассматриваются основные проблемы многоуровневой безопасности в семантических данных. Описаны принципы задания уровней безопасности понятий, свойств и индивидуумов онтологии. Предложены алгоритмы, позволяющие определить уровни безопасности основных элементов онтологии и логических выводов, полученных в логических правилах.
Мова:Російська
Опубліковано: 2013
Серія:Интеллектуальные системы
Предмети:
Онлайн доступ:http://earchive.tpu.ru/bitstream/11683/4821/1/bulletin_tpu-2013-322-5-30.pdf
Формат: MixedMaterials Електронний ресурс Частина з книги
KOHA link:https://koha.lib.tpu.ru/cgi-bin/koha/opac-detail.pl?biblionumber=240467

MARC

LEADER 00000nla2a2200000 4500
001 240467
005 20231031205705.0
035 |a (RuTPU)RU\TPU\book\261724 
035 |a RU\TPU\book\261721 
090 |a 240467 
100 |a 20130621d2013 k y0rusy50 ca 
101 0 |a rus 
102 |a RU 
135 |a drnn ---uucaa 
181 0 |a i  
182 0 |a b 
200 1 |a Методы определения уровней безопасности элементов онтологии  |b Электронный ресурс  |f Хоанг Ван Кует, А. Ф. Тузовский 
203 |a Текст  |c электронный 
215 |a 1 файл (202 Кб) 
225 1 |a Интеллектуальные системы 
230 |a Электронные текстовые данные (1 файл : 202 Кб) 
300 |a Заглавие с титульного листа 
300 |a Электронная версия печатной публикации 
320 |a [Библиогр.: с. 152 (7 назв.)] 
330 |a Рассматриваются основные проблемы многоуровневой безопасности в семантических данных. Описаны принципы задания уровней безопасности понятий, свойств и индивидуумов онтологии. Предложены алгоритмы, позволяющие определить уровни безопасности основных элементов онтологии и логических выводов, полученных в логических правилах. 
337 |a Adobe Reader 
461 1 |0 (RuTPU)RU\TPU\book\176237  |t Известия Томского политехнического университета [Известия ТПУ]  |f Томский политехнический университет (ТПУ)  |d 2000- 
463 1 |0 (RuTPU)RU\TPU\book\261554  |x 1684-8519  |t Т. 322, № 5 : Управление, вычислительная техника и информатика  |v [С. 148-152]  |d 2013  |p 227 с. 
610 1 |a онтология 
610 1 |a уровень безопасности 
610 1 |a алгоритмы 
610 1 |a логические выводы 
610 1 |a труды учёных ТПУ 
610 1 |a электронный ресурс 
700 0 |a Хоанг Ван Кует  |c вьетнамский специалист в области систем управления  |c аспирант Томского политехнического университета  |f 1985-  |2 stltpush  |3 (RuTPU)RU\TPU\pers\30353 
701 1 |a Тузовский  |b А. Ф.  |c специалист в области систем управления  |c профессор Томского политехнического университета, доктор технических наук  |f 1952-  |g Анатолий Федорович  |2 stltpush  |3 (RuTPU)RU\TPU\pers\25952 
801 1 |a RU  |b 63413507  |c 20090623  |g PSBO 
801 2 |a RU  |b 63413507  |c 20220204  |g PSBO 
856 4 |u http://earchive.tpu.ru/bitstream/11683/4821/1/bulletin_tpu-2013-322-5-30.pdf 
942 |c CF